000 00336nam a2200157Ia 4500
008 200305s9999 xx 000 0 und d
020 _a978-1-137-61204-5
082 _a801
082 _bROS
100 _aROBBINS RUTH
245 _aSUBJECTIVITY
260 _aDELHI
_bATLANTIC
300 _a216
650 _aENGLISH
999 _c39881
_d39881
041 _aeng